Municipios de Palencia - Estadísticas

Estadísticas generales
  • Esta prueba ha sido intentada 32 veces
  • La puntuación promedio es 29 de 192
Estadísticas de respuestas
Municipio % Correcto
Aguilar de Campoo
90%
Palencia
90%
Carrión de los Condes
86%
Venta de Baños
86%
Cervera de Pisuerga
71%
Saldaña
71%
Dueñas
67%
Grijota
67%
Guardo
67%
Frómista
62%
Villamuriel de Cerrato
62%
Becerril de Campos
57%
Paredes de Nava
57%
Herrera de Pisuerga
52%
Magaz de Pisuerga
52%
Villalobón
52%
Astudillo
48%
Torquemada
48%
Ampudia
43%
Monzón de Campos
43%
Alar del Rey
38%
Fuentes de Nava
38%
Palenzuela
38%
Piña de Campos
38%
Brañosera
33%
Osorno la Mayor
33%
Velilla del Río Carrión
33%
Villada
33%
Villarramiel
33%
Baltanás
29%
Osornillo
29%
Tariego de Cerrato
29%
Villalcázar de Sirga
29%
Villodrigo
29%
Abarca de Campos
24%
Abia de las Torres
24%
Amusco
24%
Antigüedad
24%
Autilla del Pino
24%
Cevico Navero
24%
Marcilla de Campos
24%
Quintana del Puente
24%
San Cebrián de Mudá
24%
Villaumbrales
24%
Villaviudas
24%
Amayuelas de Arriba
19%
Cisneros
19%
Frechilla
19%
Fuentes de Valdepero
19%
Husillos
19%
Itero de la Vega
19%
Lantadilla
19%
La Serna
19%
Mazariegos
19%
Mudá
19%
Población de Campos
19%
Revenga de Campos
19%
Sotobañado y Priorato
19%
Villamartín de Campos
19%
Villoldo
19%
Alba de Cerrato
14%
Calzada de los Molinos
14%
Castrillo de Don Juan
14%
Castromocho
14%
Cervatos de la Cueza
14%
Cevico de la Torre
14%
Espinosa de Villagonzalo
14%
Hornillos de Cerrato
14%
Polentinos
14%
Prádanos de Ojeda
14%
San Cebrián de Campos
14%
Santibáñez de la Peña
14%
Támara de Campos
14%
Villaherreros
14%
Villalaco
14%
Arconada
10%
Autillo de Campos
10%
Báscones de Ojeda
10%
Boadilla del Camino
10%
Boadilla de Rioseco
10%
Bustillo del Páramo de Carrión
10%
Cordovilla la Real
10%
Guaza de Campos
10%
Herrera de Valdecañas
10%
Ledigos
10%
Mazuecos de Valdeginate
10%
Melgar de Yuso
10%
Pedraza de Campos
10%
Perales
10%
Población de Cerrato
10%
Ribas de Campos
10%
Salinas de Pisuerga
10%
San Cristóbal de Boedo
10%
Santervás de la Vega
10%
Santoyo
10%
Soto de Cerrato
10%
Torremormojón
10%
Villamediana
10%
Villamoronta
10%
Villasarracino
10%
Villaturde
10%
Villodre
10%
Villota del Páramo
10%
Baquerín de Campos
5%
Barruelo de Santuyán
5%
Buenavista de Valdavia
5%
Bustillo de la Vega
5%
Calahorra de Boedo
5%
Castrillo de Onielo
5%
Castrillo de Villavega
5%
Cobos de Cerrato
5%
Dehesa de Romanos
5%
Espinosa de Cerrato
5%
Fresno del Río
5%
Hérmedes de Cerrato
5%
Hontoria de Cerrato
5%
La Pernía
5%
Manquillos
5%
Mantinos
5%
Meneses de Campos
5%
Pino del Río
5%
Pomar de Valdivia
5%
Requena de Campos
5%
Riberos de la Cueza
5%
San Mamés de Campos
5%
San Román de la Cuba
5%
Santa Cecilia del Alcor
5%
Santa Cruz de Boedo
5%
Triollo
5%
Valbuena de Pisuerga
5%
Valdeolmillos
5%
Valle de Cerrato
5%
Villaconancio
5%
Villaeles de Valdavia
5%
Villalba de Guardo
5%
Villameriel
5%
Villaprovedo
5%
Villovieco
5%
Ayuela
0%
Bárcena de Campos
0%
Belmonte de Campos
0%
Berzosilla
0%
Boada de Campos
0%
Boadilla de Campos
0%
Capillas
0%
Cardeñosa de Volpejera
0%
Castil de Vela
0%
Castrejón de la Peña
0%
Collazos de Boedo
0%
Congosto de Valdavia
0%
Cubillas de Cerrato
0%
Dehesa de Montejo
0%
Lagartos
0%
La Puebla de Valdavia
0%
La Vid de Ojeda
0%
Loma de Ucieza
0%
Lomas
0%
Micieces de Ojeda
0%
Morantinos
0%
Nogal de las Huertas
0%
Olea de Boedo
0%
Olmos de Ojeda
0%
Páramo de Boedo
0%
Payo de Ojeda
0%
Pedrosa de la Vega
0%
Población de Arroyo
0%
Poza de la Vega
0%
Pozo de Urama
0%
Quintanilla de Osoña
0%
Reinoso de Cerrato
0%
Renedo de la Vega
0%
Respenda de la Peña
0%
Revilla de Collazos
0%
Santibáñez de Ecla
0%
Tabanera de Cerrato
0%
Tabanera de Valdavia
0%
Valderrábano
0%
Valde-Ucieza
0%
Valle del Retortillo
0%
Vertavillo
0%
Villabasta de Valdavia
0%
Villacidaler
0%
Villahán
0%
Villalcón
0%
Villaluenga de la Vega
0%
Villamuera de la Cueza
0%
Villanueva del Rebollar
0%
Villanuño de Valdavia
0%
Villarmentero de Campos
0%
Villarrabé
0%
Villasila de Valdavia
0%
Villerías de Campos
0%
No se encontraron pruebas coincidentes
Distribución de puntuación
Porcentaje de gente con cada puntuación
Porcentaje por número respondido
Historial de tus puntuaciones
No has intentado esta prueba.